Cyclisme - Tous les coureurs WorldTour - 2023 (Sans Yellow Box) - Statistiques

Statistiques générales
  • Ce quiz a été pris 48 fois
  • Le résultat moyen est 264 sur 533
Statistiques - réponses
Equipe Nationalité Coureur % Correct
UAE-Emirates Slovénie Tadej Pogacar
100%
Cofidis France Guillaume Martin
96%
Lidl-Trek France Julien Bernard
96%
Jumbo-Visma Slovénie Primoz Roglic
96%
UAE-Emirates Royaume-Uni Adam Yates
92%
Cofidis France Benjamin Thomas
92%
Soudal Quick-Step Danemark Casper Pedersen
92%
Ineos-Grenadiers Colombie Daniel Martinez
92%
Movistar Espagne Enric Mas
92%
Ineos-Grenadiers Royaume-Uni Geraint Thomas
92%
Jumbo-Visma Danemark Jonas Vingegaard
92%
Groupama-FDJ France Lenny Martinez
92%
Movistar Espagne Lluis Mas
92%
Lidl-Trek Danemark Mads Pedersen
92%
Alpecin-Deceunink Pays-Bas Mathieu Van Der Poel
92%
Soudal Quick-Step Belgique Remco Evenepoel
92%
DSM-Firmenich France Romain Bardet
92%
Jayco-Alula Royaume-Uni Simon Yates
92%
Jumbo-Visma Belgique Wout Van Aert
92%
Ineos-Grenadiers Espagne Carlos Rodriguez
88%
Arkéa Samsic Espagne Cristian Rodriguez
88%
Groupama-FDJ France David Gaudu
88%
UAE-Emirates Portugal Joao Almeida
88%
Soudal Quick-Step France Julian Alaphilippe
88%
Movistar Espagne Oscar Rodriguez
88%
Groupama-FDJ Suisse Stefan Kung
88%
Groupama-FDJ France Valentin Madouas
88%
Astana Kazakhstan Alexey Lutsenko
83%
EF-Education First Irlande Ben Healy
83%
Jumbo-Visma France Christophe Laporte
83%
Ineos-Grenadiers Colombie Egan Bernal
83%
AG2R Citroën Autriche Felix Gall
83%
Lidl-Trek Espagne Juan Pedro Lopez
83%
Intermarché-Wanty France Lilian Calmejane
83%
UAE-Emirates Suisse Marc Hirschi
83%
Astana Royaume-Uni Mark Cavendish
83%
Bahrain Victorious Slovénie Matej Mohoric
83%
Bahrain Victorious Espagne Mikel Landa
83%
Jumbo-Visma Etats-Unis Sepp Kuss
83%
Groupama-FDJ France Thibaut Pinot
83%
Arkéa Samsic France Warren Barguil
83%
Bora-Hansgrohe Russie Aleksandr Vlasov
79%
Arkéa Samsic | Groupama-FDJ France Arnaud Demare
79%
Intermarché-Wanty Erythrée Biniam Girmay
79%
Bora-Hansgrohe Luxembourg Bob Jungels
79%
UAE-Emirates Etats-Unis Brandon McNulty
79%
Lidl-Trek Italie Giulio Ciccone
79%
Alpecin-Deceunink Belgique Jasper Philipsen
79%
UAE-Emirates Espagne Juan Ayuso
79%
Groupama-FDJ Nouvelle-Zélande Laurence Pithie
79%
Intermarché-Wanty Afrique Du Sud Louis Meintjes
79%
Movistar Etats-Unis Matteo Jorgenson
79%
UAE-Emirates Pologne Rafal Majka
79%
EF-Education First Equateur Richard Carapaz
79%
Groupama-FDJ France Romain Gregoire
79%
EF-Education First Costa Rica Andrey Amador
75%
Jayco-Alula Pays-Bas Dylan Groenewegen
75%
Bora-Hansgrohe Allemagne Emanuel Buchmann
75%
Soudal Quick-Step France Florian Senechal
75%
Movistar Espagne Gorka Izagirre
75%
Cofidis Espagne Ion Izagirre
75%
Bora-Hansgrohe Australie Jay Hindley
75%
Lidl-Trek Danemark Matiias Skjelmose
75%
Jayco-Alula Australie Michael Matthews
75%
UAE-Emirates Danemark Mikkel Bjerg
75%
Soudal Quick-Step France Rémi Cavagna
75%
Bahrain Victorious Colombie Santiago Buitrago
75%
Ineos-Grenadiers Royaume-Uni Thomas Pidcock
75%
UAE-Emirates Belgique Tim Wellens
75%
Lidl-Trek France Tony Gallopin
75%
EF-Education First Italie Alberto Bettiol
71%
Cofidis France Bryan Coquard
71%
Jumbo-Visma Pays-Bas Dylan Van Baarle
71%
UAE-Emirates Allemagne Felix Gross
71%
Movistar Colombie Fernando Gaviria
71%
Ineos-Grenadiers Italie Filippo Ganna
71%
UAE-Emirates Nouvelle-Zélande George Bennett
71%
Movistar Autriche Gregor Muhlberger
71%
Intermarché-Wanty France Hugo Page
71%
UAE-Emirates Portugal Ivo Oliveira
71%
UAE-Emirates Australie Jay Vine
71%
Soudal Quick-Step République-Tchéque Josef Cerny
71%
UAE-Emirates Colombie Juan Sebastian Molano
71%
Soudal Quick-Step Danemark Kasper Asgreen
71%
Lidl-Trek France Kenny Elissonde
71%
Groupama-FDJ Luxembourg Kevin Geniets
71%
Soudal Quick-Step Italie Mattia Cattaneo
71%
Ineos-Grenadiers Pologne Michal Kwiatkowski
71%
Movistar Portugal Nelson Oliveira
71%
Bahrain Victorious Espagne Pello Bilbao
71%
Lidl-Trek Etats-Unis Quinn Simmons
71%
DSM-Firmenich France Romain Combaud
71%
Intermarché-Wanty Portugal Rui Costa
71%
UAE-Emirates Portugal Rui Oliveira
71%
Bora-Hansgrohe Irlande Sam Bennett
71%
Alpecin-Deceunink Danemark Soren Kragh Andersen
71%
Soudal Quick-Step Belgique Tim Merlier
71%
Lidl-Trek Lettonie Tom Skujins
71%
Bahrain Victorious Japon Yukiya Arashiro
71%
Lidl-Trek Luxembourg Alex Kirsch
67%
AG2R Citroën France Dorian Godon
67%
EF-Education First Colombie Esteban Chaves
67%
Soudal Quick-Step Pays-Bas Fabio Jakobsen
67%
Alpecin-Deceunink Belgique Gianni Vermeersch
67%
Bahrain Victorious Australie Jack Haig
67%
UAE-Emirates Suisse Jan Christen
67%
Soudal Quick-Step République-Tchèque Jan Hirt
67%
Bahrain Victorious Italie Jonathan Milan
67%
Bora-Hansgrohe Belgique Jordi Meeus
67%
Ineos-Grenadiers Royaume-Uni Joshua Tarling
67%
EF-Education First Pays-Bas Julius Van Den Berg
67%
Groupama-FDJ Pays-Bas Lars Van Den Berg
67%
AG2R Citroën Belgique Lawrence Naesen
67%
Bora-Hansgrohe Allemagne Lennard Kamna
67%
EF-Education First Pays-Bas Marijn Van Den Berg
67%
Jumbo-Visma Pays-Bas Olav Kooij
67%
AG2R Citroën Belgique Olivier Naesen
67%
DSM-Firmenich Royaume-Uni Oscar Onley
67%
Bora-Hansgrohe Colombie Sergio Higuita
67%
Bahrain Victorious Taiwan Sergio Tu
67%
Ineos-Grenadiers Pays-Bas Thymen Arensman
67%
Jumbo-Visma Belgique Tiesj Benoot
67%
Soudal Quick-Step Belgique Tim Declercq
67%
Soudal Quick-Step Belgique Yves Lampaert
67%
UAE-Emirates Italie Alessandro Covi
63%
AG2R Citroën France Aurélien Paret-Peintre
63%
Cofidis France Axel Zingle
63%
Intermarché-Wanty Pays-Bas Boy Van Poppel
63%
Groupama-FDJ France Bruno Armirail
63%
Astana Pays-Bas Cees Bol
63%
Bora-Hansgrohe Pays-Bas Danny Van Poppel
63%
UAE-Emirates Slovénie Domen Novak
63%
Jayco-Alula Irlande Eddie Dunbar
63%
Ineos-Grenadiers Italie Elia Viviani
63%
Bahrain Victorious Suisse Gino Mader
63%
Soudal Quick-Step Belgique Ilan Van Wilder
63%
Ineos-Grenadiers Equateur Jhonatan Narvaez
63%
Alpecin-Deceunink Australie Kaden Groves
63%
Jayco-Alula Slovenie Luka Mezgec
63%
UAE-Emirates Espagne Marc Soler
63%
EF-Education First Ukraine Mark Padun
63%
Bora-Hansgrohe Allemagne Maximilian Schachmann
63%
Arkéa Samsic Luxembourg Michel Ries
63%
Ineos-Grenadiers France Pavel Sivakov
63%
Bahrain Victorious Allemagne Phil Bauhaus
63%
Groupama-FDJ France Quentin Pacher
63%
EF-Education First Etats-Unis Sean Quinn
63%
Alpecin-Deceunink Suisse Silvan Dillier
63%
EF-Education First Suisse Stefan Bissegger
63%
Intermarché-Wanty Norvège Sven Erik Bystrom
63%
AG2R Citroën France Valentin Paret-Peintre
63%
Astana Kazakhstan Yevgeniy Fedorov
63%
Jayco-Alula République-Tchèque Zdenek Stybar
63%
Intermarché-Wanty France Adrien Petit
58%
Movistar Espagne Alex Aranburu
58%
UAE-Emirates Colombie Alvaro Hodeg
58%
Ineos-Grenadiers Royaume-Uni Ben Tulett
58%
Jayco-Alula Australie Callum Scotson
58%
Bora-Hansgrohe Pologne Cesare Benedetti
58%
Jayco-Alula Danemark Christopher Juul-Jensen
58%
AG2R Citroën France Clément Venturini
58%
UAE-Emirates Italie Diego Ulissi
58%
Ineos-Grenadiers Royaume-Uni Ethan Hayter
58%
Soudal Quick-Step Royaume-Uni Ethan Vernon
58%
Soudal Quick-Step Italie Fausto Masnada
58%
UAE-Emirates Autriche Felix Grossschartner
58%
Jayco-Alula Italie Filippo Zana
58%
UAE-Emirates Nouvelle-Zélande Finn Fischer-Black
58%
Bora-Hansgrohe Italie Giovanni Aleotti
58%
Cofidis Royaume-Uni Harisson Wood
58%
Lidl-Trek Belgique Jasper Stuyven
58%
DSM-Firmenich Allemagne John Degenkolb
58%
EF-Education First Equateur Jonathan Caicedo
58%
Ineos-Grenadiers Espagne Jonathan Castroviejo
58%
Arkéa Samsic France Kevin Vauquelin
58%
AG2R Citroën Etats-Unis Larry Warbasse
58%
Ineos-Grenadiers Royaume-Uni Léo Hayter
58%
Intermarché-Wanty Italie Lorenzo Rota
58%
Arkéa Samsic Italie Luca Mozzato
58%
Ineos-Grenadiers Australie Luke Plapp
58%
EF-Education First Danemark Magnus Cort Nielsen
58%
Soudal Quick-Step Suisse Mauro Schmid
58%
UAE-Emirates Nouvelle-Zélande Michael Vink
58%
EF-Education First Danemark Mikkel Honore
58%
Groupama-FDJ Australie Miles Scotson
58%
Bahrain Victorious Allemagne Nikias Arndt
58%
Alpecin-Deceunink Pays-Bas Ramon Sinkeldam
58%
Ineos-Grenadiers Italie Salvatore Puccio
58%
UAE-Emirates Norvège Stake Vegard Laengen
58%
Alpecin-Deceunink Autriche Tobias Bayer
58%
Bora-Hansgrohe France Victor Koretzky
58%
Alpecin-Deceunink Belgique Xandro Meurisse
58%
Bahrain Victorious Bahrain Ahmed Madan
54%
DSM-Firmenich Australie Alex Edmondson
54%
Arkéa Samsic Belgique Amaury Capiot
54%
Movistar Espagne Antonio Pedrero
54%
Bora-Hansgrohe Allemagne Anton Palzer
54%
Jumbo-Visma Hongrie Attila Valter
54%
AG2R Citroën Autralie Ben O'Connor
54%
AG2R Citroën France Benoit Cosnefroy
54%
Ineos-Grenadiers Royaume-Uni Ben Swift
54%
Ineos-Grenadiers Royaume-Uni Ben Turner
54%
Bora-Hansgrohe Allemagne Ben Zwiehoff
54%
Ineos-Grenadiers Colombie Brandon Rivera
54%
DSM-Firmenich Australie Chris Hamilton
54%
Ineos-Grenadiers Royaume-Uni Connor Swift
54%
Lidl-Trek Italie Dario Cataldo
54%
Jumbo-Visma Italie Eduardo Affini
54%
Groupama-FDJ France Enzo Paleni
54%
Bora-Hansgrohe Danemark Frederik Wandahl
54%
Bahrain Victorious Royaume-Uni Fred Wright
54%
Intermarché-Wanty Belgique Gerben Thijssen
54%
AG2R Citroën Belgique Greg Van Avermaet
54%
Astana Colombie Harold Tejada
54%
Groupama-FDJ Lituanie Ignatas Konovalovas
54%
Soudal Quick-Step Royaume-Uni James Knox
54%
EF-Education First Royaume-Uni James Shaw
54%
Cofidis Espagne Jesus Herrada
54%
Movistar Suisse Johan Jacobs
54%
Cofidis Espagne Jose Herrada
54%
Bahrain Victorious Pologne Kamil Gradek
54%
DSM-Firmenich Etats-Uni Kevin Vermaerke
54%
Ineos-Grenadiers Belgique Laurens De Plus
54%
Groupama-FDJ Royaume-Uni Lewis Askey
54%
Groupama-FDJ Italie Lorenzo Germani
54%
Jayco-Alula Australie Lucas Hamilton
54%
Astana Espagne Luis Leon Sanchez
54%
Jayco-Alula Autriche Lukas Postlberger
54%
Intermarché-Wanty Estonie Madis Mihkels
54%
Lidl-Trek République Tchèque Mathias Vacek
54%
Bora-Hansgrohe Italie Matteo Fabbro
54%
Alpecin-Deceunink Allemagne Maurice Ballerstedt
54%
Movistar Allemagne Max Kanter
54%
DSM-Firmenich Royaume-Uni Max Poole
54%
Ineos-Grenadiers Canada Micheal Leonard
54%
Bora-Hansgrohe Allemagne Nico Denz
54%
Bora-Hansgrohe Allemagne Nils Pollit
54%
Ineos-Grenadiers Espagne Omar Fraile
54%
Alpecin-Deceunink Pays-Bas Oscar Riesebeek
54%
Bora-Hansgrohe Autriche Patrick Konrad
54%
AG2R Citroën France Paul Lapeira
54%
Groupama-FDJ France Paul Penhoet
54%
Intermarché-Wanty Estonie Rein Taaramae
54%
EF-Education First Colombie Rigoberto Uran
54%
UAE-Emirates Afrique du Sud Ryan Gibbons
54%
Bora-Hansgrohe Irlande Ryan Mullen
54%
Bora-Hansgrohe Nouvelle-Zélande Shane Archbold
54%
UAE-Emirates Pays-Bas Sjoerd Bax
54%
AG2R Citroën France Valentin Retailleau
54%
Cofidis France Victor Lafay
54%
Movistar Porto Rico Abner Gonzalez
50%
Jayco-Alula Italie Alessandro De Marchi
50%
Jayco-Alula Norvège Amund Grondahl Jensen
50%
AG2R Citroën Italie Andrea Vendrame
50%
Soudal Quick-Step Belgique Bert Van Lerberghe
50%
Bahrain Victorious Australie Cameron Scott
50%
Ineos-Grenadiers Australie Cameron Wurf
50%
DSM-Firmenich Pays-Bas Casper Van Uden
50%
Bora-Hansgrohe Belgique Cian Uijtdebroeks
50%
Groupama-FDJ France Clément Davy
50%
Lidl-Trek Pays-Bas Dan Hoole
50%
Arkéa Samsic Royaume-Uni Daniel McLay
50%
Astana Espagne David De La Cruz
50%
Soudal Quick-Step Italie Davide Ballerini
50%
UAE-Emirates Italie Davide Formolo
50%
Bahrain Victorious Serbie Dusan Rajovic
50%
Bahrain Victorious Italie Edoardo Zambanini
50%
Movistar Colombie Einer Rubio
50%
Jayco-Alula Pays-Bas Elmar Reinders
50%
Lidl-Trek Lettonie Emil Liepins
50%
Bahrain Victorious Pologne Filip Maciejuk
50%
Bahrain Victorious Croatie Fran Miholjevic
50%
Astana Kazakhstan Gleb Brussenskiy
50%
Astana Russie Gleb Syritsa
50%
Bahrain Victorious Australie Heinrich Haussler
50%
Movistar Espagne Ivan Garcia Cortina
50%
Movistar Espagne Ivan Romeo
50%
Jumbo-Visma Slovenie Jan Tratnik
50%
EF-Education First Belgique Jens Keukeleire
50%
Jayco-Alula Colombie Jesus David Pena
50%
Bahrain Victorious Danemark Johan Price-Pejtersen
50%
Cofidis Espagne Jonathan Lastra
50%
Ineos-Grenadiers Allemagne Kim Heiduk
50%
Intermarché-Wanty Belgique Kobe Goosens
50%
Jayco-Alula Etats-Unis Lawson Craddock
50%
DSM-Firmenich Italie Lorenzo Milesi
50%
Ineos-Grenadiers Etats-Unis Magnus Sheffield
50%
Movistar Danemark Mathias Norsgaard
50%
EF-Education First Erythrée Merhawi Kudus
50%
Alpecin-Deceunink Autriche Michael Gogl
50%
Groupama-FDJ Australie Michael Storer
50%
AG2R Citroën France Nans Peters
50%
Lidl-Trek Belgique Otto Vergaerde
50%
EF-Education First Royaume-Uni Owain Doull
50%
DSM-Firmenich Nouvelle-Zélande Patrick Bevin
50%
Alpecin-Deceunink Belgique Quinten Hermans
50%
Groupama-FDJ Nouvelle-Zélande Reuben Thompson
50%
Groupama-FDJ France Rudy Molard
50%
Alpecin-Deceunink Italie Stefano Oldani
50%
Ineos-Grenadiers Royaume-Uni Tao Goeghegan Hart
50%
Cofidis France Thomas Champion
50%
DSM-Firmenich Danemark Tobias Lund Andersen
50%
Jayco-Alula Ethiopie Tsgabu Grmay
50%
Jumbo-Visma Pays-Bas Wilco Kelderman
50%
Movistar Etats-Unis Will Barta
50%
Bahrain Victorious Pays-Bas Wout Poels
50%
DSM-Firmenich Italie Alberto Dainese
46%
Arkéa Samsic Italie Alessandro Verre
46%
Astana Biélorusse Alxander Riabushenko
46%
Cofidis Portugal André Carvalho
46%
Bahrain Victorious Italie Antonio Tiberi
46%
AG2R Citroën France Bastien Tronchon
46%
Lidl-Trek Pays-Bas Bauke Mollema
46%
Bahrain Victorious Italie Damiano Caruso
46%
Astana Italie Davide Martinelli
46%
EF-Education First Allemagne Georg Steinhauser
46%
Bahrain Victorious Autriche Hermann Pernsteiner
46%
EF-Education First Royaume-Uni Hugh Carthy
46%
Cofidis France Hugo Toumire
46%
Astana Espagne Javier Romo
46%
Lidl-Trek Espagne Jon Aberasturi
46%
Bora-Hansgrohe Allemagne Jonas Koch
46%
Alpecin-Deceunink Belgique Jonas Rickaert
46%
Bora-Hansgrohe Allemagne Luis-Joe Luhrs
46%
Arkéa Samsic Pologne Lukasz Owsian
46%
Soudal Quick-Step Slovaquie Martin Svrcek
46%
Arkéa Samsic France Mathis Le Berre
46%
Bora-Hansgrohe Royaume-Uni Matthew Walls
46%
Soudal Quick-Step Danemark Michael Morkov
46%
DSM-Firmenich Pays-Bas Nils Eekhoff
46%
Bora-Hansgrohe Autriche Patrick Gamper
46%
DSM-Firmenich République-Tchéque Pavel Bittner
46%
DSM-Firmenich Australie Sam Welsford
46%
Cofidis Italie Simone Consonni
46%
Cofidis Allemagne Simon Geschke
46%
Movistar Brésil Vinicius Rangel
46%
Movistar Espagne Albert Torres
42%
Jayco-Alula Suisse Alexandre Balmer
42%
EF-Education First Italie Andrea Piccolo
42%
Intermarché-Wanty Nouvelle-Zélande Dion Smith
42%
Soudal Quick-Step Belgique Dries Devenyns
42%
Arkéa Samsic France Ewen Costiou
42%
Astana Italie Fabio Felline
42%
Astana Italie Gianni Moscon
42%
Movistar Espagne Imanol Erviti
42%
EF-Education First Ecuador Jefferson Cepeda
42%
Arkéa Samsic Belgique Jenthe Biermans
42%
Astana Etats-Unis Joe Dombrowski
42%
Intermarché-Wanty Danemark Julius Johansen
42%
Jayco-Alula Italie Kevin Colleoni
42%
EF-Education First Pologne Lukazs Wisniowski
42%
Lidl-Trek Espagne Marc Brustenga
42%
Bahrain Victorious Slovénie Matevz Govekar
42%
Groupama-FDJ France Mathieu Ladagnous
42%
UAE-Emirates Italie Matteo Trentin
42%
Soudal Quick-Step Belgique Mauri Vansevenant
42%
Jayco-Alula Australie Michael Hepburn
42%
AG2R Citroën Suisse Michael Schar
42%
Arkéa Samsic France Nacer Bouhanni
42%
DSM-Firmenich Allemagne Niklas Markl
42%
Jumbo-Visma Australie Rohan Dennis
42%
Groupama-FDJ Royaume-Uni Samuel Watson
42%
Intermarché-Wanty Italie Simone Petilli
42%
Astana Italie Simone Velasco
42%
Jumbo-Visma Pays-Bas Steven Kruijswijk
42%
Jumbo-Visma Royaume-Uni Thomas Gloag
42%
Jumbo-Visma Norvège Tobias Foss
42%
Jumbo-Visma Belgique Tosh Van Der Sande
42%
Arkéa Samsic France Alan Riou
38%
Soudal Quick-Step Italie Andrea Bagioli
38%
DSM-Firmenich Norvège Andreas Leknessund
38%
Arkéa Samsic France Anthony Delaplace
38%
Astana Italie Antonio Nibali
38%
Jayco-Alula Australie Blake Quick
38%
Jayco-Alula Nouvelle-Zélande Campbell Stewart
38%
AG2R Citroën France Clément Berthet
38%
Arkéa Samsic France Clément Russo
38%
Cofidis Italie Davide Cimolai
38%
EF-Education First Colombie Diego Camargo
38%
Astana Kazakhstan Dmitriy Gruzdev
38%
Alpecin-Deceunink Belgique Dries De Bondt
38%
Arkéa Samsic France Elie Gesbert
38%
DSM-Firmenich Allemagne Florian Stork
38%
Intermarché-Wanty Pays-Bas Georg Zimmermann
38%
Jumbo-Visma Pays-Bas Gijs Leemreize
38%
DSM-Firmenich Belgique Harm Vanhoucke
38%
AG2R Citroën Finlande Jaako Hanninen
38%
Groupama-FDJ Royaume-Uni Jake Stewart
38%
Movistar Espagne Jorge Arcas
38%
Jayco-Alula Australie Kelland O'Brien
38%
Jumbo-Visma Pays-Bas Koen Bouwman
38%
Jumbo-Visma Pays-Bas Lennard Hofstede
38%
Soudal Quick-Step Belgique Louis Vervaeke
38%
Jayco-Alula Australie Luke Durbridge
38%
Jumbo-Visma Allemagne Michel Hessmann
38%
Jumbo-Visma Belgique Nathan Van Hooydonck
38%
Arkéa Samsic France Nicolas Edet
38%
Bahrain Victorious Italie Nicolo Buratti
38%
Movistar Espagne Oier Lazkano
38%
Groupama-FDJ France Olivier Le Gac
38%
UAE-Emirates Allemagne Pascal Ackermann
38%
Jayco-Alula Australie Rudy Porter
38%
Jumbo-Visma Pays-Bas Sam Oomen
38%
Alpecin-Deceunink Nouvelle-Zélande Samuel Gaze
38%
EF-Education First Royaume-Uni Simon Carr
38%
AG2R Citroën Belgique Stan Dewulf
38%
EF-Education First Afrique du Sud Stefan De Bod
38%
Jumbo-Visma Pays-Bas Timo Roosen
38%
Astana Kazakhstan Andrey Zeits
33%
Cofidis France Anthony Perez
33%
AG2R Citroën France Antoine Raugel
33%
Lidl-Trek Danemark Asbjorn Hellemose
33%
Astana Italie Christian Scaroni
33%
Arkéa Samsic France Clément Champoussin
33%
Arkéa Samsic Pays-Bas David Dekker
33%
Groupama-FDJ Suisse Fabien Lienhard
33%
Jayco-Alula Allemagne Felix Engelhardt
33%
DSM-Firmenich Danemark Frederik Rodenberg
33%
Movistar Colombie Ivan Sosa
33%
Soudal Quick-Step Allemagne Jannik Steimle
33%
Alpecin-Deceunink Australie Jensen Plowright
33%
Movistar Espagne José Joaquin Rojas
33%
DSM-Firmenich Allemagne Marius Mayrhofer
33%
EF-Education First Etats-Unis Neilson Powless
33%
AG2R Citroën France Nicolas Prodhomme
33%
Cofidis Belgique Piet Allegaert
33%
Bahrain Victorious Autriche Reiner Kepplinger
33%
Cofidis France Remy Rochas
33%
Arkéa Samsic France Simon Gugliemi
33%
Lidl-Trek Belgique Thibaut Nys
33%
Jayco-Alula Ethiopie Welay Hagos Berhe
33%
Cofidis France Alexandre Delettre
29%
Cofidis France Alexis Renard
29%
Groupama-FDJ Pays-Bas Bram Welten
29%
Lidl-Trek Belgique Edward Theuns
29%
Cofidis France François Bidard
29%
AG2R Citroën France Geoffrey Bouchard
29%
Bora-Hansgrohe Pays-Bas Ide Schelling
29%
Bahrain Victorious Allemagne Jasha Sutterlin
29%
AG2R Citroën France Jordan Labrosse
29%
Arkéa Samsic France Laurent Pichon
29%
Intermarché-Wanty Belgique Laurenz Rex
29%
DSM-Firmenich Pays-Bas Martijn Tusveld
29%
DSM-Firmenich Australie Matthew Dinham
29%
Jumbo-Visma Pays-Bas Mick Van Dijke
29%
Lidl-Trek Erythrée Natnael Tesfatsion
29%
Alpecin-Deceunink Italie Nicola Conci
29%
Cofidis France Pierre-Luc Perichon
29%
Jumbo-Visma Pays-Bas Robert Gesink
29%
Alpecin-Deceunink Australie Robert Stannard
29%
Movistar Portugal Ruben Guerreiro
29%
Intermarché-Wanty Belgique Rune Herregodts
29%
Soudal Quick-Step Belgique Stan Van Tricht
29%
Jumbo-Visma Pays-Bas Tim Van Dijke
29%
Arkéa Samsic France Donovan Grondin
25%
Bora-Hansgrohe Allemagne Florian Lipowitz
25%
DSM-Firmenich Belgique Henri Vandenabeele
25%
Alpecin-Deceunink Italie Jakub Mareczko
25%
EF-Education First Allemagne Jonathan Rutsch
25%
Alpecin-Deceunink Italie Kristian Sbaragli
25%
Arkéa Samsic France Louis Barre
25%
Cofidis Allemagne Max Walscheid
25%
Alpecin-Deceunink Belgique Robe Ghys
25%
Movistar Espagne Sergio Samitier
25%
Intermarché-Wanty Pays-Bas Taco Van Der Horn
25%
Cofidis Pays-Bas Wesley Kreder
25%
Astana Kazakhstan Yevgeniy Gidich
25%
AG2R Citroën France Alex Baudin
21%
Intermarché-Wanty Belgique Arne Marit
21%
Intermarché-Wanty Belgique Baptiste Planckaert
21%
Movistar Espagne Carlos Verona
21%
Jayco-Alula Australie Chris Harper
21%
Intermarché-Wanty Belgique Dries De Pooter
21%
Cofidis France Eddy Fine
21%
Alpecin-Deceunink Belgique Edward Planckaert
21%
Jumbo-Visma Pays-Bas Jos Van Emden
21%
Arkéa Samsic France Kevin Ledanois
21%
Alpecin-Deceunink Belgique Lionel Taminiaux
21%
Ineos-Grenadiers Royaume-Uni Luke Rowe
21%
Intermarché-Wanty Pays-Bas Mike Teunissen
21%
Cofidis Espagne Ruben Fernandez
21%
Astana Italie Samuele Battistella
21%
Astana Kazakhstan Vadim Pronskiy
21%
Alpecin-Deceunink Belgique Fabio Van Den Bossche
17%
AG2R Citroën France Franck Bonnamour
17%
Arkéa Samsic France Hugo Hofstetter
17%
DSM-Firmenich Norvège Jonas Iversby hvideberg
17%
Intermarché-Wanty Belgique Laurent Huys
17%
Astana Italie Leonardo Basso
17%
AG2R Citroën France Marc Sarreau
17%
Astana Estonie Martin Laas
17%
Jayco-Alula Italie Matteo Sobrero
17%
AG2R Citroën France Mikaël Cherel
17%
AG2R Citroën France Pierre Gautherat
17%
Soudal Quick-Step Belgique Pieter Serry
17%
Arkéa Samsic France Thibault Guernalec
17%
Intermarché-Wanty Belgique Aimé De Gendt
13%
Bahrain Victorious Italie Andrea Pasqualon
13%
Lidl-Trek Pays-Bas Antwan Tolhoek
13%
Cofidis Belgique Jelle Wallays
13%
Mobistar Allemagne Juri Hollmann
13%
Bora-Hansgrohe Autriche Marco Haller
13%
Lidl-Trek Norvège Markus Hoelgaard
13%
Arkéa Samsic France Matis Louvel
13%
DSM-Firmenich Pays-Bas Tim Naberman
13%
Cofidis France Axel Mariault
8%
Cofidis Belgique Christophe Noppe
8%
AG2R Citroën France Damien Touze
8%
Lidl-Trek Italie Filippo Baroncini
8%
Movistar Espagne Gonzalo Serrano
8%
Lidl-Trek Italie Jacopo Mosca
8%
Alpecin-Deceunink Allemagne Jason Osborne
8%
DSM-Firmenich Allemagne Marco Brenner
8%
Alpecin-Deceunink Allemagne Alexander Krieger
4%
Astana Italie Gianmarco Garofoli
4%
Jayco-Alula Pays-Bas Jan Maas
4%
Jumbo-Visma Pays-Bas Milan Vader
4%
Intermarché-Wanty Italie Niccolo Bonifazio
4%
DSM-Firmenich Royaume-Uni Sean Flynn
4%
Alpecin-Deceunink Belgique Senne Leysen
4%
Intermarché-Wanty Belgique Tom Paquot
4%
Lidl-Trek Erythrée Amanuel Ghebreigzabhier
0%
EF-Education First Norvège Christian Eiking
0%
Astana Kazakhstan Igor Chzhan
0%
Alpecin-Deceunink Belgique Jimmy Janssens
0%
DSM-Firmenich Allemagne Leon Heinschke
0%
Intermarché-Wanty Belgique Loic Vliegen
0%
Astana Italie Manuele Boaro
0%
Arkéa Samsic France Maxime Bouet
0%
Astana Kazakhstan Nurbergen Nurlykhassym
0%
EF-Education First Nouvelle-Zélande Tom Scully
0%
Astana Kazakhstan Yuriy Natarov
0%
Aucun quiz correspondant
Distribution des résultats
% des personnes avec chaque résultat
Percentile par nombre de réponses
Votre historique - résultats
Vous n’avez pas pris ce quiz